[Event "5th Cesme Open 2017"]
[Site "Cesme"]
[Date "2017.06.19"]
[Round "1"]
[White "Ozsoy, Alimert"]
[Black "Shanava, Konstantine"]
[Result "0-1"]
[WhiteElo "1857"]
[BlackElo "2516"]
[Annotator "TA"]
[PlyCount "48"]
[EventType "swiss"]
[EventCountry "TUR"]

{[%evp 9,48,-12,-8,-32,-25,-43,12,-45,-2,-65,0,-44,52,-16,21,6,14,0,75,-57,-45,-106,-89,-83,-88,-76,-82,-83,-81,-433,-408,-412,-303,-745,-732,-29988,-29989,-29989,-29990,-29997,-29998]} 1. d4 g6 2. Nf3 Bg7 3. Bf4 d6 4. h3 (4. e3 Nf6 5. h3 O-O 6. Be2 b6 7. O-O Bb7 8. Nbd2 Nbd7 9. Bh2 c5 10. c3 Re8 11. a4 a6 12. Qb3 h6 13. Rfd1 Rb8 14. Nc4 b5 15. axb5 axb5 16. Na5 Bd5 17. Qc2 Be4 18. Qc1 Ra8 19. b4 cxb4 20. cxb4 {0-1 (38) Melkumyan,H (2654)-Mamedov,R (2650) Minsk 2015}) 4... Nd7 5. c3 e5 {LiveBook: 4 Games} 6. dxe5 {A41: 1 d4 d6: Tartakower System and Modern Defence} dxe5 7. Bg3 Ne7 (7... e4 $15 8. Nd4 Be5) 8. e3 (8. e4 $11) 8... O-O 9. Bc4 (9. e4 $1 $11) 9... h6 (9... Nf5 $15 10. Bh2 e4) 10. O-O Kh8 $146 (10... Nf5 $15) ({Predecessor:} 10... Kh7 11. Qc2 f5 12. Rd1 Qe8 13. Nbd2 e4 14. Nd4 Ne5 15. Be2 c5 16. Nb5 {½-½ (16) Kron,G (1870)-Dobos,O (1824) Budapest 2008}) 11. Qb3 ({White should try} 11. e4 $1 $14) 11... f5 12. Rd1 Qe8 13. Na3 {aiming for Nb5.} a6 {[#]} (13... c6 $11 {keeps the balance.}) 14. Nc2 (14. Rxd7 $1 $16 Bxd7 15. Nxe5) 14... g5 $15 15. Nb4 ({White should play} 15. Qa3 $15) 15... b5 16. Bd5 Nxd5 17. Qxd5 Nb6 18. Qc6 f4 {[%cal Bf5f4,Bf4g3,Bg3f2][%mdl 32] Threatens to win with ...Qxc6.} 19. Qxc7 $2 {[%mdl 8192]} (19. Bh2 $17 {is a better chance.}) 19... fxg3 $19 20. Qxb6 gxf2+ 21. Kh2 $2 (21. Kxf2 e4 22. Qc6 Qxc6 23. Nxc6) 21... e4 22. Nd4 Be5+ {Black mates.} 23. Kh1 Qh5 24. Qc5 {[#]} Qxd1+ $1 {[%mdl 512] Precision: White =  6%, Black = 41%.} 0-1

[Event "5th Cesme Open 2017"]
[Site "Cesme"]
[Date "2017.06.19"]
[Round "1"]
[White "Yerden, Huseyin Eren"]
[Black "Benidze, Davit"]
[Result "0-1"]
[WhiteElo "1857"]
[BlackElo "2525"]
[Annotator "TA"]
[PlyCount "64"]
[EventType "swiss"]
[EventCountry "TUR"]

{[%evp 13,64,0,6,-16,-20,-29,-24,-70,-35,-110,-91,-88,-86,-104,-102,-142,-141,-138,-142,-143,-112,-109,-115,-120,-120,-127,-60,-158,-158,-174,-168,-166,-162,-246,-235,-229,-232,-219,-210,-214,-216,-614,-335,-29989,-29990,-29991,-29992,-29995,-29996,-29996,-29997,-29997,-29998]} 1. e4 c5 2. Nf3 Nc6 3. Nc3 g6 4. g3 Bg7 5. Bg2 d6 6. O-O e5 7. d3 Nge7 8. Nd5 {B25: Closed Sicilian: 3 g3, lines without early Be3} (8. Nd2 O-O 9. Nc4 Rb8 10. a4 Be6 11. Ne3 a6 12. Ncd5 b5 13. axb5 axb5 14. c3 b4 15. Nc4 h6 16. Ra6 Rc8 {1-0 (73) Carlsen,M (2857)-Grischuk,A (2754) chess.com INT 2016}) 8... O-O 9. c4 f5 10. Be3 {Black has an edge.} h6 (10... f4 $5 11. gxf4 Bg4 $15) 11. h4 $146 (11. exf5 $15 Nxf5 12. Qa4) ({Predecessor:} 11. exf5 Bxf5 12. Nh4 Be6 13. Be4 g5 14. Ng2 Qd7 15. h4 gxh4 16. Nxh4 {1-0 (23) Yurkov,A (2130)-Belosvetov,N (2325) Ilichevsk 2007}) 11... fxe4 {Threatens to win with ...Nxd5.} 12. dxe4 Bg4 13. Nxe7+ Nxe7 14. Bd2 Nc6 15. Bc3 Qf6 $36 {[%mdl 2048] Black is on the roll.} 16. Qd5+ Kh7 17. Nh2 Be2 18. f4 {Hoping for fxe5.} Bxf1 19. Rxf1 {With the idea fxe5.} Qf7 (19... Nd4 $17 {...Ne2+ is the strong threat.} 20. Bxd4 cxd4) 20. Qxd6 (20. f5 $1 $15 Qe7 21. Ng4) 20... exf4 $17 21. e5 Rad8 22. Qxc5 {[#]} Nxe5 $1 {[%mdl 512] Strongly threatening ...b6.} 23. Bxe5 {[#]} (23. Rxf4 $142 Qe6 24. Rxf8 Rxf8 25. Qxa7) 23... b6 $1 $19 {[%cal Rb6c5]} 24. Qb5 {[%cal Re5f4]} a6 $1 {[%cal Ra6b5]} 25. Qxb6 {[%cal Rf1f4]} Bxe5 26. Qxa6 Qe7 27. gxf4 $2 (27. Qb7 Qxb7 28. Bxb7) 27... Rxf4 28. Nf3 $2 (28. h5 $19 gxh5 29. Qb7 Qxb7 30. Bxb7) 28... Bd4+ {Black mates.} 29. Kh2 Rxh4+ 30. Kg3 Be5+ 31. Nxe5 Qg5+ 32. Kf3 Rf4+ {Precision: White = 28%, Black = 75%.} 0-1

[Event "5th Cesme Open 2017"]
[Site "Cesme"]
[Date "2017.06.19"]
[Round "1"]
[White "Selvi, Kaan"]
[Black "Ulybin, Mikhail"]
[Result "0-1"]
[WhiteElo "1790"]
[BlackElo "2499"]
[Annotator "TA"]
[PlyCount "51"]
[EventType "swiss"]
[EventCountry "TUR"]

{[%evp 19,51,-7,18,-20,41,-6,-9,-87,-96,-166,-166,-125,-129,-185,-148,-212,-212,-213,-210,-474,-474,-450,-457,-558,-563,-617,-598,-571,-426,-437,-433,-430,-424,-29994]} 1. d4 e6 2. Nc3 d5 3. e4 Nf6 4. Bg5 Be7 5. e5 Nfd7 6. Bxe7 Qxe7 7. f4 O-O 8. Nf3 c5 9. Qd2 Nc6 10. O-O-O c4 11. g4 {C14: French: Classical System: 4 Bg5 Be7 main line} (11. f5 Rb8 12. h4 b5 13. f6 gxf6 14. Qh6 fxe5 15. Rh3 Qf6 16. Qxf6 Nxf6 17. dxe5 Nd7 18. Re1 d4 19. Ne4 f5 20. Rg3+ Kh8 21. Neg5 Nc5 22. Rd1 Bb7 23. Nxd4 Nxe5 24. Ndxe6 Nxe6 {1-0 (24) Naiditsch,A (2678)-Pruess,D (2422) Beijing 2008}) 11... Rb8 ({Black should play} 11... a6 $11) 12. f5 b5 $1 {[%cal Bb7b5,Bb5b4][%mdl 32]} 13. Qg5 $146 (13. Ne2 $11) ({Predecessor:} 13. Ne2 b4 14. Nf4 Nb6 15. f6 gxf6 16. Nh5 fxe5 17. dxe5 Kh8 18. Qh6 Rg8 19. Nf6 Rg7 20. Re1 Nd7 21. Ng5 Nf8 22. Re3 Nxe5 23. Nfxh7 Nxh7 {0-1 (23) Kraemer,M (2436)-Braun,C (2296) playchess.com INT 2008}) 13... f6 $17 14. exf6 (14. Qe3 $17) 14... Nxf6 $19 ({Stronger than} 14... Rxf6 15. fxe6 Nb6 16. Nxd5 $11) 15. Ne5 Qd6 16. Nxc6 (16. Bg2 $17) 16... Qxc6 17. Bg2 {[#]} (17. Qf4 $17 {was called for.} Rb7 18. Ne2) 17... b4 $1 {[%cal Rb4c3]} 18. Ne2 c3 {Threatens to win with ...Qa6.} 19. Bf3 $2 (19. Kb1) 19... cxb2+ {Black is clearly winning.} 20. Kxb2 Ba6 21. Qe3 exf5 22. gxf5 Rfe8 23. Qd2 Bxe2 24. Bxe2 {[#]} Qc3+ $1 {[%mdl 512]} 25. Kb1 (25. Qxc3 bxc3+) 25... Ne4 {( -> ...Qa3)} 26. Qe1 {Precision: White =  9%, Black = 69%.} (26. Qd3 $19 Nf2 27. Qf3 Nxh1 28. Rxh1) 0-1

[Event "5th Cesme Open 2017"]
[Site "Cesme"]
[Date "2017.06.19"]
[Round "1"]
[White "Yassibag, Ipek Asli"]
[Black "Rasulov, Vugar"]
[Result "0-1"]
[WhiteElo "1786"]
[BlackElo "2508"]
[Annotator "TA"]
[PlyCount "134"]
[EventType "swiss"]
[EventCountry "TUR"]

{[%evp 17,134,-12,-26,-40,-24,-40,0,-7,-27,-20,0,-82,-84,-80,-85,-70,-44,-51,-56,-54,-52,-113,-105,-110,-103,-118,-123,-119,-119,-134,-149,-149,-149,-149,-158,-139,-157,-147,-137,-106,-89,-422,-460,-447,-258,-256,-187,-194,-167,-180,-165,-228,-224,-260,-270,-255,-228,-220,-222,-295,-213,-479,-469,-477,-462,-404,-316,-570,-573,-549,-569,-551,-566,-564,-533,-556,-555,-490,-483,-556,-552,-551,-545,-546,-546,-493,-500,-524,-487,-493,-498,-493,0,-283,0,-485,-469,-621,-571,-666,-633,-1319,-1211,-814,-778,-12836,-12836,-12837,-12837,-12837,-12836,-12837,-12839,-12840,-12841,-12841,-12841,-12842,-12842]} 1. c4 Nf6 2. Nc3 c5 3. g3 d5 4. cxd5 Nxd5 5. Bg2 Nc7 6. d3 Nc6 7. Nf3 e5 8. O-O Be7 9. a3 O-O 10. Qc2 {A34: Symmetrical English: 2 Nc3, lines with ...d5} (10. Bd2 f6 11. Rb1 Be6 12. Ne4 a5 13. a4 Na6 14. Bc3 Qc7 15. b3 Rad8 16. Ned2 Nab4 17. Qc1 Na2 18. Qb2 Nxc3 19. Qxc3 f5 {½-½ (55) Pascua,H (2401)-Pantsulaia,L (2607) Subic Bay 2016}) 10... Bg4 11. Be3 Qd7 12. Na4 $146 {The position is equal.} ({Predecessor:} 12. Rfc1 Ne6 13. Ne4 Bxf3 14. exf3 Ncd4 15. Bxd4 Nxd4 16. Qd1 Rac8 17. Nc3 Bg5 {0-1 (34) Dudasko,S (1588)-Chovan,M (1868) Lubovna 2013}) 12... b6 13. b4 {[%cal Rb4c5]} Ne6 ({But not} 13... cxb4 $6 14. Rfc1 $16) 14. bxc5 (14. Qc4 $1 $11 {keeps the balance.} Bxf3 15. Bxf3) 14... Bxf3 $1 $17 15. Bxf3 Ncd4 16. c6 Qc7 17. Bxd4 Nxd4 18. Qc3 Rac8 19. Rfe1 (19. Rfc1 $15) 19... Nxf3+ 20. exf3 Qxc6 21. Qxc6 Rxc6 22. f4 Rd8 23. Nb2 Rc2 24. Nc4 Bc5 ({Don't take} 24... Rxd3 25. Rxe5 Bf8 26. Ne3 $15) 25. Ne3 Rd2 26. fxe5 R8xd3 27. a4 h5 28. a5 b5 {[%cal Bb6b5,Bb5b4][%mdl 32] White must now prevent ...b4.} 29. a6 $2 {[%mdl 8192]} (29. Rac1 $17 Bd4 30. Rc8+ Kh7 31. Rc7) 29... b4 $19 30. Rab1 Ra2 (30... b3 $142 31. Nd1 Bd4) 31. Rec1 Rc3 32. Rxc3 bxc3 {[%mdl 4096] Endgame KRB-KRN} 33. Rc1 Bd4 {aiming for ...Rd2.} ({Resist} 33... Rxa6 34. Rxc3 Ra1+ 35. Kg2 $15) 34. Nc2 (34. Nd1 $142) 34... Bxe5 35. Nb4 {[#]} Rd2 $1 36. Nc2 Kh7 37. Kf1 Kg6 38. h4 f6 39. f4 $2 (39. Ke1) 39... Bd6 40. Ne3 Bb4 41. f5+ Kf7 42. Rc2 $2 (42. Nc4 {might work better.} Rh2 43. Kg1) 42... Rxc2 43. Nxc2 {KB-KN} Bd6 44. Kf2 Ke7 45. Kf3 Be5 46. g4 hxg4+ 47. Kxg4 Kd6 48. Kf3 Kd5 49. Ke3 Kc4 50. h5 Bd6 51. Ke4 Bc5 52. Na1 Ba3 53. Nc2 Bc1 54. Nd4 {[#]} Ba3 (54... Bf4 $142 $1 {[%mdl 512]} 55. Nc2 (55. Kxf4 Kxd4) 55... Bd2) 55. Nc2 Bc5 $2 (55... Bd6 56. Ne3+ Kb5) 56. Na1 $1 Kb5 {Black is clearly winning.} 57. Kd3 Kxa6 58. Kxc3 Kb5 59. Nc2 a5 {[%cal Ba7a5,Ba5a4][%mdl 32]} 60. Kb3 a4+ 61. Ka2 Kc4 62. Ne1 Kd4 63. Nf3+ Ke4 64. Nh4 Kf4 65. Ng6+ Kxf5 66. Nh8 Kg5 67. Nf7+ Kxh5 {Precision: White = 45%, Black = 81%.} 0-1

[Event "5th Cesme Open 2017"]
[Site "Cesme"]
[Date "2017.06.12"]
[Round "1"]
[White "Aydogdu, Cagatay"]
[Black "Arat, Ufuk Sezen"]
[Result "0-1"]
[WhiteElo "1771"]
[BlackElo "2398"]
[Annotator "TA"]
[PlyCount "82"]
[EventType "swiss"]
[EventCountry "TUR"]
[SourceTitle "playchess.com"]
[Source "ChessBase"]
[SourceQuality "1"]

{[%evp 9,82,34,44,29,33,21,29,20,30,34,36,31,37,33,45,41,42,0,19,19,33,22,36,0,13,11,11,16,14,4,8,-9,0,-13,15,16,15,13,25,4,13,-98,-98,-160,-152,-257,-250,-250,-240,-327,-320,-350,-351,-343,-343,-369,-346,-447,-439,-541,-542,-631,-617,-1016,-1002,-882,-771,-770,-769,-720,-704,-700,-689,-1152,-1120]} 1. e4 g6 2. d4 d6 3. Nf3 Bg7 4. Bc4 c6 5. c3 d5 {LiveBook: 7 Games} (5... Nf6 6. e5 dxe5 7. Nxe5 O-O 8. O-O Nbd7 9. Bf4 Nd5 10. Nxd7 Bxd7 11. Bg3 Rc8 12. Nd2 Nb6 13. Bb3 {½-½ (57) Gomez Esteban,J (2495)-Cacho Reigadas,S (2469) Villava 2009}) 6. exd5 {B06: Modern Defence} cxd5 7. Be2 Nf6 8. Be3 {White has an edge.} Bg4 9. h3 Bxf3 10. Bxf3 O-O 11. O-O Nc6 $146 {[%cal Bb8c6,Bc6a5,Ba5c4][%mdl 32]} ({Predecessor:} 11... Nbd7 12. Qd2 Nb6 13. Be2 Rc8 14. a4 {½-½ (28) Bogus,A-Kriska,M Bad Kuehlungsborn 1964}) 12. Re1 e6 13. Qc1 Rc8 14. Nd2 {[%cal Bb1d2,Bd2b3,Bb3c5][%mdl 32]} Na5 15. Nb3 Nc4 16. Nc5 (16. Bg5 {keeps more tension.} Qb6 17. Nc5 Qc6 18. Bf4 Rfe8 19. Qc2) 16... b6 17. Nd3 Nxe3 18. Qxe3 Ne8 19. Be2 Nd6 20. Ne5 Bxe5 21. Qxe5 Qc7 22. Ba6 Rce8 {[%cal Bc8e8,Be8e7,Be7d7,Bd7d5][%mdl 32]} 23. a4 Re7 24. h4 Ne4 25. Rxe4 (25. Qxc7 $11 {remains equal.} Rxc7 26. g4) 25... dxe4 $17 26. Qf6 (26. Qxe4 $142 f5 27. Qe2) 26... Rd7 27. Re1 {[#]} (27. h5 $17 Qd8 28. Qf4) 27... Rd5 $1 $19 {[%cal Rd5f5]} 28. g4 h5 {[%cal Bh7h5,Bh5g4][%mdl 32]} 29. Rxe4 {[#]} hxg4 $1 {White must now prevent ...Rf5.} 30. Rf4 Rf5 31. Rxf5 exf5 {[%mdl 4096] Endgame KQR-KQB} 32. Bb5 Qd8 33. Qg5 Kg7 {Black is clearly winning.} 34. Bc6 Qd6 35. d5 Rh8 36. b4 Rh5 37. Qe3 Rxh4 38. Qg3 Qxg3+ 39. fxg3 Rh3 40. Kg2 {[#]} f4 $1 41. d6 (41. gxf4 Rxc3) 41... Rxg3+ {Precision: White = 28%, Black = 70%.} 0-1

[Event "5th Cesme Open 2017"]
[Site "Cesme"]
[Date "2017.06.19"]
[Round "1"]
[White "Ilkimen, Mehmet Emre"]
[Black "Yildiz, Betul Cemre"]
[Result "0-1"]
[WhiteElo "1771"]
[BlackElo "2350"]
[Annotator "TA"]
[PlyCount "55"]
[EventType "swiss"]
[EventCountry "TUR"]

{[%evp 15,55,16,34,16,30,31,36,44,52,0,2,-14,0,0,0,-34,-26,-56,-29,-212,-206,-270,-149,-157,-130,-180,-178,-260,-249,-275,-278,-360,-336,-362,-290,-279,-267,-340,-335,-360,-337,-325]} 1. Nf3 d5 2. d4 c5 3. c3 e6 4. e3 Nd7 5. Bd3 Bd6 6. Nbd2 Ngf6 7. O-O O-O 8. Re1 e5 {[#] White must now prevent ...e4.} 9. e4 {D05: Colle System with ...e6} Qc7 10. exd5 cxd4 11. cxd4 {White is slightly better.} exd4 12. g3 $146 (12. Nb3 $14) ({Predecessor:} 12. Nc4 Nb6 13. Nxd6 Qxd6 14. Nxd4 Nbxd5 15. b3 Bg4 16. Qd2 Rfd8 17. Bb2 Nb4 18. Bc2 Rac8 {1-0 (18) Lysyj,I (2655)-Petrosyan,T (2425) Yerevan 2014}) 12... Nc5 13. Ne4 Nfxe4 14. Bxe4 f5 15. Bb1 f4 $1 $36 {[%cal Rf4g3][%mdl 2048] Black has some pressure.} 16. Bxf4 Bxf4 17. Qxd4 $2 {[#]} (17. b4 $1 $11 {and White is okay.} Na6 18. gxf4 Qxf4 19. Nxd4 Qg5+ 20. Kh1 Rxf2 21. Re8+ Kf7 22. Qg1 Qxg1+ 23. Kxg1) 17... Bd6 $19 18. Ng5 Bf5 (18... h6 $19 19. Nh7 Rd8) 19. b4 $17 Na4 {Threatens to win with ...Qc3.} 20. Bxf5 Rxf5 21. Ne6 (21. Qg4 $142 Qd7 22. Re6) 21... Qc3 $19 22. Qg4 g6 ({Much less strong is} 22... Rxd5 23. Red1 $17) 23. Rac1 Qd2 24. Qe2 Qxe2 ({Less strong is} 24... Qxd5 25. Rcd1 $15) ({But not} 24... Qxb4 25. Qc2 $19) (24... Rxd5 25. Qxd2 Rxd2 26. a3 $19) 25. Rxe2 Rxd5 26. Nc7 Rc8 27. Nxd5 Rxc1+ 28. Kg2 {Precision: White = 27%, Black = 50%.} 0-1

[Event "5th Cesme Open 2017"]
[Site "Cesme"]
[Date "2017.06.19"]
[Round "1"]
[White "Ergun, Gurkan"]
[Black "Sumets, Andrey"]
[Result "0-1"]
[WhiteElo "1754"]
[BlackElo "2560"]
[Annotator "TA"]
[PlyCount "92"]
[EventType "swiss"]
[EventCountry "TUR"]

{[%evp 25,92,74,72,46,55,45,45,46,51,0,74,70,70,77,62,60,63,0,44,-53,-41,-46,-46,-95,-91,-92,-73,-96,-91,-96,-95,-93,-90,-91,-76,-78,-78,-76,-77,-78,-74,-82,-81,-93,-77,-77,-46,-105,-87,-89,-81,-89,-49,-62,-39,-31,-32,-32,-43,-100,-95,-103,-100,-504,-491,-573,-157,-573,-573]} 1. e4 c5 2. Nf3 e6 3. d4 cxd4 4. Nxd4 a6 5. Bd3 Nf6 6. O-O d6 7. Qe2 Qc7 8. c4 g6 9. Nc3 Bg7 10. Be3 O-O 11. Rfd1 b6 12. Rac1 Bb7 13. f3 Nbd7 14. Bb1 {B42: Sicilian: Kan Variation: 5 Bd3} Rac8 15. b3 Qb8 16. Qd2 {[#] White is slightly better.} Rfe8 $146 ({Predecessor:} 16... Rfd8 17. Nde2 Bf8 18. Bh6 {1-0 (40) Timman,J (2590)-Huebner,R (2600) Tilburg 1977}) 17. Bh6 (17. Nde2 $14) 17... Bh8 (17... Bxh6 $1 $11 {keeps the balance.} 18. Qxh6 d5) 18. Nde2 $16 Rc6 19. Bf4 {[%cal Rf4d6]} Ne5 20. Nd4 Rcc8 21. Nde2 (21. Bg5 $14) 21... Red8 22. Bxe5 (22. Ng3 $14) 22... dxe5 $15 23. Qe3 Nd7 24. Rd2 Bf6 25. Rcd1 Qc7 26. Kh1 Be7 27. h3 Kg7 28. Rd3 h6 29. Qc1 Nc5 30. Rxd8 Rxd8 31. Rxd8 Qxd8 32. Qd1 Qc7 33. b4 Nd7 34. a3 Nf6 35. Qd3 h5 {[%cal Bh6h5,Bh5h4][%mdl 32]} 36. Ba2 ({Better is} 36. Nc1 $15) 36... h4 37. Kh2 Nh5 38. Bb3 Bg5 39. Kg1 Qe7 40. Na4 Nf4 41. Nxf4 Bxf4 42. Nxb6 (42. Kf1 $15) 42... Qg5 $17 {Strongly threatening ...Qg3.} 43. c5 Qg3 {[%mdl 1024] [#] ( -> ...Qe1+). Black has strong compensation.} 44. Kf1 $2 {[%mdl 8192]} (44. Qf1 $17 {nothing else works.} f5 45. Bxe6) 44... Qh2 $19 {White must now prevent ...Qh1+.} 45. Qe2 {White wants to play Qf2.} Qh1+ 46. Kf2 {[#]} Qc1 $1 {Precision: White = 41%, Black = 76%.} 0-1

[Event "5th Cesme Open 2017"]
[Site "Cesme"]
[Date "2017.06.19"]
[Round "1"]
[White "Karahan, Anil"]
[Black "Sadikhov, Ulvi"]
[Result "0-1"]
[WhiteElo "1743"]
[BlackElo "2483"]
[Annotator "TA"]
[PlyCount "89"]
[EventType "swiss"]
[EventCountry "TUR"]

{[%evp 15,89,27,34,23,26,-15,2,-27,-35,-33,-14,-19,-20,-63,-37,-52,-39,-62,-66,-89,-54,-73,-66,-72,-27,-64,-60,-63,-60,-89,6,0,2,0,0,25,20,5,14,20,14,0,0,0,64,-61,47,-29,32,0,0,-89,-87,-77,-72,-81,-77,-83,-33,-55,-53,-139,-113,-140,-45,-196,-83,-270,-271,-308,0,-385,-385,-349,-312,-682]} 1. d4 d6 2. c4 e5 3. Nf3 Nd7 4. Nc3 g6 5. g3 Bg7 6. Bg2 Ne7 7. O-O O-O 8. e3 f5 {LiveBook: 7 Games. A41: 1 d4 d6: Tartakower System and Modern Defence} (8... a5 9. b3 Nc6 10. Bb2 Re8 11. h3 e4 12. Ne1 f5 13. Nc2 Nf6 14. a3 d5 15. f4 Be6 16. c5 {1-0 (41) Movsesian,S (2679)-Kuybokarov,T (2491) Moscow 2017}) 9. b3 e4 10. Ne1 (10. Ng5 $5 {[%cal Rg5e6]} Nb6 11. h4 $11) 10... Nf6 {The position is equal.} 11. Bb2 c6 {[%cal Bc7c6,Bc6d5][%mdl 32]} 12. Nc2 g5 $146 ({Predecessor:} 12... Be6 13. Qd2 d5 14. c5 b5 15. b4 a5 16. a3 g5 {0-1 (40) Stankovic,M (1498)-Skoko,M (2207) Kragujevac 2014}) 13. a4 (13. f4 $5 {[%cal Rf4g5]} g4 14. Rc1 $11) 13... d5 14. cxd5 cxd5 15. Ba3 Be6 16. Qd2 Rf7 17. Rac1 Ng6 18. f4 exf3 19. Bxf3 a6 (19... Ne4 $5 {[%cal Re4d2]} 20. Bxe4 dxe4 $15) 20. Ne1 {[%cal Bc2e1,Be1d3,Bd3c5][%mdl 32]} Ne4 21. Qb2 Qe8 22. Nd3 {[#]} Rd8 ({Black should play} 22... f4 $1 $17 {aiming for ...Bh3.} 23. gxf4 (23. Nxe4 dxe4 24. Bxe4 Bh3 $11) 23... gxf4) 23. Nc5 $11 {[%cal Rc3e4]} Bc8 24. N3xe4 fxe4 25. Be2 $1 Bh3 26. Rxf7 Qxf7 27. Bf1 Bg4 28. Qf2 {And now Qxf7+ would win.} Bf3 29. b4 Bf8 (29... h5 $1 $11) 30. Rc3 (30. a5 $14) 30... Bd6 (30... h5 $1 $15) 31. b5 (31. a5 $1 $14) 31... axb5 ({Better is} 31... a5 $11) 32. Bxb5 h5 33. Be2 (33. Bf1 $11) 33... b6 $17 34. Bxf3 exf3 35. Nd3 Bxa3 36. Rxa3 Qf5 37. Rc3 Re8 $36 {[%mdl 2048] Black has some pressure.} 38. Ne1 (38. Qd2 $15) 38... g4 39. Qc2 Qg5 (39... Qe6 $17 {Threatens to win with ...Ne7.} 40. Qc1 Qf7) 40. Qc1 $2 {[#]} (40. h4 $1 $15 gxh3 41. Kh2) 40... Re6 (40... h4 $1 $19 {has better winning chances. Strongly threatening ...Qh6.} 41. Nd3 hxg3 42. hxg3 Qxe3+ 43. Qxe3 Rxe3 44. Rc8+ Kg7) 41. Nc2 $2 (41. Rc8+ $17 Kf7 42. Rc3) 41... Ne7 $19 42. Nb4 Rf6 $2 (42... h4 $19 {...hxg3 is the strong threat.} 43. Rc2 Qh6) 43. Kf2 $2 {[%mdl 8192]} (43. Nd3 $11) 43... h4 44. Qg1 Rh6 45. Rc7 $2 {Precision: White = 20%, Black = 45%.} (45. Nd3 Qh5 46. Nf4 hxg3+ 47. Qxg3 Qxh2+ 48. Qxh2 Rxh2+ 49. Kg3) 0-1

[Event "5th Cesme Open 2017"]
[Site "Cesme"]
[Date "2017.06.19"]
[Round "1"]
[White "Kaptan, Emre Akin"]
[Black "Drazic, Sinisa"]
[Result "0-1"]
[WhiteElo "1724"]
[BlackElo "2426"]
[Annotator "TA"]
[PlyCount "74"]
[EventType "swiss"]
[EventCountry "TUR"]

{[%evp 9,74,46,54,-18,-17,-20,-10,-27,-42,-46,-54,-119,14,10,0,0,17,-62,-48,-90,-52,-135,-91,-240,-235,-310,-215,-242,-159,-483,-481,-502,-302,-309,-215,-213,-204,-202,-148,-172,-184,-208,-87,-389,-335,-331,-294,-289,-127,-214,-88,-179,-172,-252,-244,-237,-226,-349,-315,-332,-332,-332,-332,-773,-773,-948,-630]} 1. e4 d6 2. d4 Nf6 3. f3 Nc6 (3... e5 4. d5 Be7 5. c4 O-O 6. Nc3 c6 7. Be3 a6 8. Rc1 Qa5 9. a3 Nbd7 10. Bd3 cxd5 11. cxd5 b5 12. Qd2 Bb7 {1-0 (26) Ivanchuk,V (2728)-Kuzubov,Y (2635) Izmir 2016}) 4. c4 e5 5. d5 Nd4 6. Be3 {B07: Pirc Defence: Miscellaneous Systems} ({White should try} 6. Ne2 $14) 6... c5 $1 $11 7. dxc6 bxc6 8. Bxd4 {The position is equal.} exd4 9. Qxd4 Rb8 10. Nc3 $146 (10. Nd2 $15) ({Predecessor:} 10. Nd2 Be7 11. Ne2 {0-1 (29) Flear,G (2435)-Hodgson,J (2535) Plymouth 1989}) 10... Qa5 (10... Rxb2 $17 {And now ...Qa5 would win.} 11. O-O-O Qb6) 11. O-O-O Be7 12. Nge2 O-O 13. g4 (13. Qd2 $11) 13... Be6 (13... d5 $5 14. exd5 (14. cxd5 cxd5 15. exd5 Bc5 $11) 14... cxd5 $11) 14. g5 Qxg5+ $40 {[%mdl 128] Black attacks.} 15. f4 (15. Qd2 $15 Qxd2+ 16. Rxd2) 15... Qh6 16. Kc2 (16. Qd2 $17) 16... d5 $1 $19 17. f5 Bc8 18. cxd5 cxd5 19. Qxa7 $2 (19. Qe5 $17 {is more resistant.} Rb7 20. Rg1) 19... Rb7 20. Qd4 dxe4 21. Ng3 Rd7 22. Qb6 Rxd1 23. Nxd1 Rd8 {( -> ...Qd2+)} 24. Qe3 Qh4 {White must now prevent ...Bd6.} 25. Nc3 Bd6 (25... Ng4 $1 $19 {[%cal Rg4e3]} 26. Qxe4 Qg5) 26. Ngxe4 $2 {[%mdl 8192]} (26. Qb6 $17 {is tougher.} Be7 27. Kb1) 26... Bxf5 27. Bd3 Ng4 28. Qf3 Be7 (28... Bxh2 29. Nf6+ Nxf6 30. Bxf5 $17) (28... Bg6 $19 {has better winning chances. ...Ne5 is the strong threat.} 29. Rd1 Bxh2) 29. h3 {[#]} (29. Kb1 $17 {is a better defense.} g6 30. Bc2) 29... Nh6 (29... Rxd3 $1 $19 {[%mdl 512] and Black stays clearly on top.} 30. Qxd3 (30. Kxd3 Ne5+) 30... Nf2) 30. a4 (30. Kb1 $17 {was called for.}) 30... Bg6 31. a5 (31. Nf2 $142) 31... Nf5 {[%cal Bh6f5,Bf5d4,Bd4b3,Bb3c5,Bc5a6,Ba6b4][%mdl 32]} 32. Kb1 Nd4 33. Qe3 (33. Qf2 $142) 33... Nb3 34. a6 {[#] White wants to play a7.} Nc5 $1 {[%mdl 512]} 35. Bc2 (35. Nxc5 Bxc5) 35... Nxa6 36. Qb6 $2 (36. Rd1 Nb4 37. Rxd8+ Bxd8 38. Bb3) 36... Nb4 37. Qb7 Bf8 {Precision: White = 16%, Black = 53%.} 0-1